Skip to content
Ayesha Abed Library
שפה
English
Deutsch
Español
Français
Italiano
日本語
Nederlands
Português
Português (Brasil)
中文(简体)
中文(繁體)
Türkçe
עברית
Gaeilge
Cymraeg
Ελληνικά
Català
Euskara
Русский
Čeština
Suomi
Svenska
polski
Dansk
slovenščina
اللغة العربية
বাংলা
Galego
Tiếng Việt
Hrvatski
हिंदी
Հայերէն
Українська
כל השדות
כותר
מחבר
נושא
סימן המיקום
ISBN/ISSN
תג
מצא
מתקדם
Midnight’s Third Child
יצירת מראה מקום
שלח את זה
הדפסה
יצוא רשומה
יצוא אל RefWorks
יצוא אל EndNoteWeb
יצוא אל EndNote
יצוא אל MARC
יצוא אל MARCXML
יצוא אל BibTeX
Permanent link
Midnight’s Third Child
מידע ביבליוגרפי
מחבר ראשי:
Naeem Mohaiemen
פורמט:
לא ידוע
מלאי ספרים
תיאור
פריטים דומים
תצוגת צוות
LEADER
00184 a2200085 4500
020
|a
9789849472018
100
|a
Naeem Mohaiemen
|9
55425
245
|a
Midnight’s Third Child
942
|c
BK
999
|c
46118
|d
46118
פריטים דומים
Midnight in America
מאת: White
Freedom at midnight /
מאת: Collins, Larry, 1929-
יצא לאור: (1996)
Midnight's children /
מאת: Rushdie, Salman
יצא לאור: (1995)
Midnight's children.
מאת: Rushdie, Salman
יצא לאור: (1995)
From Midnight to Guntown
מאת: Hailman